Guess US State by Abbreviations - Statistics

General Stats
  • This quiz has been taken 2,037 times
    2,036 since last reset
  • The average score is 36 of 50
Answer Stats
Hint Answer % Correct
AL alabama
95%
AZ arizona
94%
CA california
94%
FL florida
92%
IL illinois
89%
AR arkansas
88%
CO colorado
88%
ID idaho
88%
IN indiana
88%
KS kansas
87%
GA georgia
84%
DE delaware
83%
AK alaska
82%
KY kentucky
82%
HI hawaii
80%
NY new york
79%
CT connecticut
77%
IA iowa
77%
NV nevada
76%
OH ohio
76%
NJ new jersey
75%
TX texas
73%
OK oklahoma
72%
NC north carolina
71%
UT utah
71%
LA louisiana
70%
MN minnesota
70%
ND north dakota
68%
OR oregon
68%
ME maine
67%
MT montana
67%
NH new hampshire
67%
NM new mexico
66%
MD maryland
65%
SC south carolina
65%
SD south dakota
65%
MI michigan
64%
WY wyoming
64%
PA pennsylvania
62%
TN tennessee
62%
WA washington
62%
MA massachusetts
61%
MS mississippi
60%
RI rhode island
59%
VT vermont
59%
VA virginia
58%
NE nebraska
57%
WI wisconsin
55%
WV west virginia
54%
MO missouri
53%
No matching quizzes found
Score Distribution
Percent of People with Each Score
Percentile by Number Answered
Your Score History
You have not taken this quiz since the last reset